000 00502cam a2200157 i 4500
020 _a9780124045781 (alk. paper)
050 0 0 _aQA 76.9
_b.D5H4
100 1 _aHerlihy, Maurice.
245 1 0 _aDistributed computing through combinatorial topology /
_cMaurice Herlihy, Dmitry Kozlov, Sergio Rajsbaum.
300 _a 319 pages :
650 0 _xDistributed processing
_xMathematics.
650 0 _bManfold protocols
_vConnectivity
700 1 _aKozlov, D. N.
700 1 _aRajsbaum, Sergio.
942 _2lcc
_cGEN
999 _c8882
_d8882